000 00431nam a2200145Ia 4500
008 230917s9999||||xx |||||||||||||| ||und||
040 _e133475
_aMAIN
041 _aEnglish
082 _a352.054558 H266N
100 _aHaryana, Arth tatha Sankhyakiya Sangathan
245 0 _aNagarpalika sankhiyakiya pustak: Jila Sirsa
260 _aChandigarh
_bHaryana, Arth tatha Sankhiyakiya Sangathan
_c1983
300 _a137 p.
942 _cBK
999 _c48041
_d48041